LEADER 01102nam a2200265 4500 001 000000350072 003 CaOOAMICUS 005 20220426121838.0 008 220426s2022 it 000 u ita r 020 $a978-88-6894-539-8 040 $aSeMil$bita 245 00$aSul petto di Gesł :$bi segreti di Dio : Quaresima e Pasqua 2022. 264 1$aMilano :$bCentro Ambrosiano,$c2022. 300 $a124 p. ;$c21x10 cm 490 1 $aLa Parola ogni giorno 650 4$aPasqua - Meditazioni.$0(OLS)http://semarc/subject/2070 650 4$aQuaresima - Meditazioni.$0(OLS)http://semarc/subject/2055 830 3$aLa parola ogni giorno.$0(OLS)http://semarc/title/435520 850 $aSeMil 852 $aSeMil$W1$xVenegono$y1$m5B III 55/21$j232728$B241095$CSeMilBibl$Z2$F241095 $81 961 $aOmaggio editore 996 $6020$a978-88-6894-539-8$9(OLS)http://semarc/number/295748 996 $6245$aSul petto di Gesł :$bi segreti di Dio : Quaresima e Pasqua 2022$9(OLS)http://semarc/title/439757 996 $6264$aMilano :$bCentro Ambrosiano$9(OLS)http://semarc/publisher/29766 LEADER 01564nam a2200229 i 4500 001 000000227418 003 CaOOAMICUS 005 20140224000000.0 008 140224s1838 xx u000 u lat u 013 $a206320 040 $aSeMil$bita 245 10$aVol. 24. Pars 2. 300 $aP. 209-391. 490 0 $aCollectio selecta Ss. Ecclesiae Patrum : complectens exquisitissima opera tum dogmatica et moralia, tum apologetica et oratoria quae Parisiis incoepta et postmodum interrupta nunc accurantibus nonnullis sacrae eruditionis cultoribus continuatur ;$v50 500 $aFondo Bidoglio. 773 0 $aIoannes : Chrysostomus $tSancti patris Joannis Chrysostomi archiepiscopi constantinopolitani Opera.$dMediolani : Typis Antonii Fontana, 1831-1838.$kCollectio selecta Ss. Ecclesiae Patrum : complectens exquisitissima opera tum dogmatica et moralia, tum apologetica et oratoria quae Parisiis incoepta et postmodum interrupta nunc accurantibus nonnullis sacrae eruditionis cultoribus continuatur$g24$w()5516 830 0$aCollectio selecta Ss. Ecclesiae Patrum : complectens exquisitissima opera tum dogmatica et moralia, tum apologetica et oratoria quae Parisiis incoepta et postmodum interrupta nunc accurantibus nonnullis sacrae eruditionis cultoribus continuatur ;$v50.$0(OLS)http://semarc/title/12635 850 $aSeMil 852 $aSeMil$W1$xVenegono$y1$m2S II 100 FA$j177764$B177764$CSeMilBibl$Z2$F188603 $8I 941 1 $a2 961 $aLascito: Bidoglio don Maurizio 996 $6245$aVol. 24. Pars 2$9(OLS)http://semarc/title/325511